000 03005cam a2200469 4500
003 PE-LiUPU
005 20250731173101.0
008 240411b |||||||| |||| 00| 0 spa d
020 _a0828014124
040 _bspa
_cPE-LiUPU
_dPE-LiUPU
_erda
041 _aen
050 _aBX6193.W5
_bA265
082 0 4 _a286.732092
_bW582e
_223
100 1 _aWhite, Arthur L.
_eautor.
245 1 0 _aEllen White :
_bwoman of vision /
_cArthur L. White.
264 1 _aHagerstown, MD :
_breview and herald publishing Association,
_c2000.
300 _a552 páginas ;
_c24 centímetros.
336 _atext
_2rdacontent
337 _aunmediated
_2rdamedia
338 _avolume
_2rdacarrier
505 0 _aThe time was right -- Called to be a messenger -- Step by step -- Expanding by publishing -- Financial support for the cause of God -- The seventh-day Adventists in time of war -- Learning a new lifestyle -- James: learning the hard way -- The New Health Institute: Forerunner of the Battle Creek Sanitarium -- First Annual Camp Meetings -- California-Here We Come -- Encouraging Prospects -- Time of Mellowing -- Healdsburg College Opens and Battle Creek College Closes -- Ellen White Ventures Abroad -- The General Conference Session of 1888 -- Advances in Book Publication -- The Call to Austral On to New Zealand -- The Avondale School -- Sunnyside Ellen White's Farm -- The Medical Missionary Work -- Writing The Desire of Ages -- The Work in Australia Comes of Age -- Elmshaven, a Haven for Ellen -- The General Conference Session of 1901: Time fora Change! -- The Battle Creek Sanitarium Fire -- Elmshaven: Not a Rest Home -- The Review and Herald Fire -- The 1903 General Conference Session -- John Harvey Kellogg and The Living Temple -- The Round-trip to Washington -- "I Was Shown": Beautiful Properties -- A Momentous Year: Ballenger, Jones, Kellogg -- Ellen White's Special Gift -- The General Conference Session of 1909 -- Loma Linda: More Than a Sanitarium -- The 1911 Edition of The Great Controversy Not a Revision -- Winding Down With Courage and Cheer.
526 _aSEG42
526 _aSEG41
526 _aSEG40
526 _aSEG39
526 _aP94
526 _aP87
526 _aP86
526 _aP85
526 _aP77
526 _aP76
526 _aP35
600 1 4 _aWhite, Elena G. de
_d1827-1915
650 1 4 _aAdventistas del Séptimo Día
_xDon profético
910 _agl20110829
942 _2ddc
_cBK
949 _aBX6193.W5 A265 2000
_wDEWEY
_c1
_icw59470
_lCIA
_mBWL
_p30.00
_r1
_sY
_tBOOK
_u2015-6-24
_xWHITE
_zUNKNOWN
_0COMPRA
_o.STAFF. Colección General
949 _a286.732 W55
_wDEWEY
_c2
_i48859
_f2017-2-15
_g1
_lCIAE7
_mBUL
_r0
_sY
_tBOOK
_u2015-6-24
_xTEOLOGIA
_0COMPRA
_o.STAFF. Colección General
949 _aBX6193.W5 A265 2000
_wDEWEY
_c1
_icw63504
_lCIA
_mBWL
_p15.00
_r1
_sY
_tBOOK
_u2015-7-6
_xWHITE
_zUNKNOWN
_o.STAFF. Colección General
980 _81
_gALBERTO SANCHEZ Responsable de Automatización
999 _c28019
_d28019